Loading...
History - European History | 0 | 2 | 0 | 1 | 20 | 128 | 133.00 | 0 | 0 |
Science - Other Science | 0 | 2 | 0 | 0 | 20 | 111 | 119.50 | 0 | 0 |
Geography | 0 | 2 | 0 | 2 | 20 | 124 | 135.00 | 0 | 0 |
Science - Biology | 0 | 2 | 0 | 0 | 20 | 80 | 104.50 | 0 | 1 |
Religion | 0 | 2 | 0 | 0 | 20 | 104 | 107.50 | 0 | 1 |
Fine Arts - Auditory Fine Arts | 0 | 1 | 0 | 0 | 10 | 133 | 133.00 | 0 | 0 |
Literature - European Literature | 0 | 1 | 0 | 0 | 10 | 140 | 140.00 | 0 | 0 |
Literature - World Literature | 0 | 1 | 0 | 0 | 10 | 151 | 151.00 | 0 | 0 |
Philosophy | 0 | 1 | 0 | 0 | 10 | 118 | 118.00 | 0 | 0 |
History - World History | 0 | 1 | 0 | 0 | 10 | 137 | 137.00 | 0 | 1 |
Science - Physics | 0 | 1 | 0 | 0 | 10 | 130 | 130.00 | 0 | 1 |
History - Other History | 0 | 2 | 2 | 1 | 10 | 116 | 123.00 | 0 | 1 |
Science - Chemistry | 0 | 1 | 0 | 1 | 10 | 127 | 127.00 | 0 | 0 |
Fine Arts - Visual Fine Arts | 0 | 1 | 0 | 1 | 10 | 136 | 136.00 | 0 | 0 |
History - American History | 0 | 1 | 1 | 0 | 5 | 139 | 139.00 | 0 | 0 |
Literature - British Literature | 0 | 0 | 0 | 0 | 0 | 0.00 | 0 | 0 | |
Fine Arts - Other Fine Arts | 0 | 0 | 0 | 0 | 0 | 0.00 | 0 | 0 | |
Literature - American Literature | 0 | 0 | 0 | 0 | 0 | 0.00 | 0 | 0 | |
Social Science | 0 | 0 | 1 | 0 | -5 | 0.00 | 0 | 0 |